LEADER 02672nam 2200385 450 001 9910476797603321 005 20230512021940.0 035 $a(CKB)5470000000566570 035 $a(NjHacI)995470000000566570 035 $a(EXLCZ)995470000000566570 100 $a20230512d1996 uy 0 101 0 $aeng 135 $aur||||||||||| 181 $ctxt$2rdacontent 182 $cc$2rdamedia 183 $acr$2rdacarrier 200 10$aBudgetary Policy Modelling /$fDaniele Meulders, Pantelis Capros 210 1$a[Place of publication not identified] :$cTaylor & Francis,$d1996. 215 $a1 online resource 311 $a1-134-76600-9 327 $aINTRODUCTION -- Part I Theoretical aspects 1 PUBLIC EXPENDITURES, TAXES, DEBT AND ENDOGENOUS GROWTH 2 ENDOGENOUS GROWTH AND BUDGETARY POLICY IN THE OPEN ECONOMY -- Part II Public deficits and stabilization3 PROPOSALS FOR COMMUNITY STABILIZATION MECHANISMS: SOME HISTORICAL APPLICATIONS 4 SOME STOCHASTIC IMPLICATIONS OF THE GOVERNMENT'S BUDGET CONSTRAINT: AN EMPIRICAL ANALYSIS 5 CREDIT CONSTRAINTS AND THE EFFICIENCY OF BUDGETARY POLICY: THE PORTUGUESE CASE, 1958-88 6 STRUCTURAL ADJUSTMENT AND PUBLIC DEFICIT: A CGE MODELLING ANALYSIS FOR GREECE 7 PUBLIC DEFICITS AND INCOME DISTRIBUTION: RESULTS OF AN ECONOMETRIC BUSINESS CYCLE MODEL FOR THE FEDERAL REPUBLIC OF GERMANY -- Part III Structure of public expenditures and implications 8 PUBLIC SPENDING IN FEDERAL STATES: A COMPARATIVE ECONOMETRIC STUDY 9 CAUSALITY BETWEEN PUBLIC EXPENDITURE AND TAXATION: EVIDENCE FROM THE ITALIAN CASE 10 ON THE EFFICACY, EFFICIENCY AND EQUITY OF STATE SUPPORT IN BRITAIN. 330 $aThe focus of this volume is on the European context of public budget policy and a variety of different approaches are used - theoretical modelling, econometrics and applied general equilibrium modelling. Empirical evidence and case studies of European countries are contained in all the papers. The papers cover the four general themes of public budget policy: * economic stabilization, in view of the Economic and Monetary Union in the European Community * reinforcing structural change, involved in market liberalization and harmonization of economic structures * its distributional effects and implications for social equity * endogenous economic growth. 606 $aProgram budgeting 606 $aCommerce 615 0$aProgram budgeting. 615 0$aCommerce. 676 $a350.722 700 $aMeulders$b Daniele$0373970 702 $aCapros$b Pantelis 801 0$bNjHacI 801 1$bNjHacl 906 $aBOOK 912 $a9910476797603321 996 $aBudgetary Policy Modelling$93364368 997 $aUNINA LEADER 03361nam 2200685Ia 450 001 9910961786703321 005 20251116171005.0 010 $a1-61344-878-3 010 $a0-470-91976-0 010 $a1-282-77370-4 010 $a9786612773709 010 $a0-470-94982-1 010 $a0-470-91974-4 035 $a(CKB)2670000000043898 035 $a(EBL)589097 035 $a(SSID)ssj0000434619 035 $a(PQKBManifestationID)11290111 035 $a(PQKBTitleCode)TC0000434619 035 $a(PQKBWorkID)10403585 035 $a(PQKB)10945269 035 $a(Au-PeEL)EBL589097 035 $a(CaPaEBR)ebr10412545 035 $a(CaONFJC)MIL277370 035 $a(MiAaPQ)EBC589097 035 $a(OCoLC)663449126 035 $a(EXLCZ)992670000000043898 100 $a20100226d2010 uy 0 101 0 $aeng 135 $aur|n|---||||| 181 $ctxt 182 $cc 183 $acr 200 10$aCold-formed steel design /$fWei-Wen Yu, Roger A. LaBoube 205 $a4th ed. 210 $aHoboken, N.J. $cWiley$dc2010 215 $a1 online resource (515 p.) 300 $aDescription based upon print version of record. 311 08$a0-470-46245-0 320 $aIncludes bibliographical references and index. 327 $aCold-Formed Steel Design, Fourth Edition; CONTENTS; PREFACE; Chapter 1: Introduction; Chapter 2: Materials Used in Cold-Formed Steel Construction; Chapter 3: Strength of Thin Elements and Design Criteria; Chapter 4: Flexural Members; Chapter 5: Compression Members; Chapter 6: Combined Axial Load and Bending; Chapter 7: Closed Cylindrical Tubular Members; Chapter 8: Connections; Chapter 9: Shear Diaphragms and Roof Structures; Chapter 10: Corrugated Sheets; Chapter 11: Composite Design; Chapter 12: Introduction to Stainless Steel Design; Chapter 13: Light-Frame Construction 327 $aChapter 14: Computer-Aided DesignChapter 15: Direct-Strength Method; Appendix A: Thickness of Base Metal; Appendix B: Torsion; Appendix C: Formulas for Computing Cross-Sectional Property By; Appendix D: Definitions of Terms; Nomenclature; Acronyms and Abbreviations; Conversion Table; REFERENCES; INDEX 330 $aThe definitive text in the field, thoroughly updated and expanded Hailed by professionals around the world as the definitive text on the subject, Cold-Formed Steel Design is an indispensable resource for all who design for and work with cold-formed steel. No other book provides such exhaustive coverage of both the theory and practice of cold-formed steel construction. Updated and expanded to reflect all the important developments that have occurred in the field over the past decade, this Fourth Edition of the classic text provides you with more of the detailed, up-to-the-minute techni 606 $aBuilding, Iron and steel 606 $aSheet steel 606 $aThin-walled structures 606 $aSteel$xCold working 615 0$aBuilding, Iron and steel. 615 0$aSheet steel. 615 0$aThin-walled structures. 615 0$aSteel$xCold working. 676 $a624.1/821 700 $aYu$b Wei-wen$f1924-$043713 701 $aLaBoube$b Roger A$01893915 801 0$bMiAaPQ 801 1$bMiAaPQ 801 2$bMiAaPQ 906 $aBOOK 912 $a9910961786703321 996 $aCold-formed steel design$94543945 997 $aUNINA